States of the German Empire Flag Quiz - Statistics

General Stats
  • This quiz has been taken 108 times
  • The average score is 17 of 26
Answer Stats
Picture Hint Answer % Correct
Kingdom Prussia
94%
Kingdom Bavaria
90%
Kingdom Saxony
84%
Duchy Saxe-Altenburg
81%
Duchy Saxe-Coburg and Gotha
81%
Duchy Saxe-Meiningen
81%
Grand Duchy Saxe-Weimar-Eisenach
81%
Free Hanseatic City Hamburg
80%
Free Hanseatic City Bremen
76%
Grand Duchy Baden
75%
Kingdom Württemberg
68%
Grand Duchy Hesse
66%
Grand Duchy Mecklenburg-Schwerin
63%
Grand Duchy Mecklenburg-Strelitz
63%
Free Hanseatic City Lübeck
59%
Duchy Anhalt
58%
Grand Duchy Oldenburg
58%
Imperial Territory Alsace-Lorraine
57%
Principality Lippe
47%
Principality Reuß-Gera
47%
Principality Reuß-Greiz
47%
Principality Schaumburg-Lippe
47%
Duchy Brunswick
44%
Principality Schwarzburg-Rudolstadt
41%
Principality Schwarzburg-Sonderhausen
41%
Principality Waldeck-Pyrmont
35%
No matching quizzes found
Score Distribution
Percent of People with Each Score
Percentile by Number Answered
Your Score History
You have not taken this quiz